000 00498nam a22001817a 4500
005 20251108164347.0
008 250721s1993 xx 000 0 ara d
082 1 4 _a811.009/زكي
100 1 _aمبارك، زكي
245 1 0 _aالموازنة بين الشعراء /
264 1 _aبيروت :
_bدار الجيل،
_c1993.
300 _a352ص
650 1 7 _aالشعر العربي
650 1 7 _aالنقد الأدبي
650 1 7 _aالتاريخ
942 _2ddc
_cBK
999 _c10258
_d10258